000
00302nam a22001097a 4500
082
_a
001
100
_a
Kiran
245
_a
SSC CONSTABLE GD AND RIFLEMAN GD in assam rifles and sepoy in NCB 50 sets practice work book
260
_a
Delhi
_b
kiran
_c
2024
650
_a
General science
_9
81923
942
_c
HIN
999
_c
67792
_d
67792